[Event "Arco op"]
[Site "Arco"]
[Date "2011.12.26"]
[Round "1"]
[White "Gehrke, Rolf1"]
[Black "Galas, Franco"]
[Result "1-0"]
[WhiteElo "2085"]
[BlackElo "1749"]
[PlyCount "64"]
[EventDate "2011.12.26"]
[EventType "swiss"]
[EventRounds "7"]
[EventCountry "ITA"]
[SourceTitle "EXT 2023"]
[Source "ChessBase"]
[SourceDate "2022.10.05"]
[SourceVersion "1"]
[SourceVersionDate "2022.10.05"]
[SourceQuality "1"]

1. Nf3 Nf6 2. c4 d6 3. d4 g6 4. Nc3 Bg7 5. e4 0-0 6. Be2 Bg4 7. Be3 Bxf3 8. Bxf3 c6 9. Qd2 Qc7 10. Bh6 Nbd7 11. h4 Bxh6 12. Qxh6 Kh8 13. h5 Ng8 14. Qe3 Kg7 15. Rh3 h6 16. hxg6 fxg6 17. Bg4 Rf6 18. Bxd7 Qxd7 19. e5 Re6 20. f4 dxe5 21. dxe5 Rf8 22. g4 Qc7 23. 0-0-0 c5 24. Nd5 Qc8 25. Rg1 Qb8 26. Qc3 Kh7 27. Qd3 b5 28. cxb5 c4 29. Qe4 Nf6 30. Nxf6+ exf6 31. Rgh1 Kg7 32. Rxh6 Rfe8 1-0

[Event "Arco op 33rd"]
[Site "Arco"]
[Date "2011.10.29"]
[Round "8"]
[White "Galas, Franco"]
[Black "Cottarelli, Franco"]
[Result "1/2-1/2"]
[WhiteElo "1749"]
[BlackElo "1842"]
[PlyCount "41"]
[EventDate "2011.10.22"]
[EventType "swiss"]
[EventRounds "9"]
[EventCountry "ITA"]
[SourceTitle "EXT 2012"]
[Source "ChessBase"]
[SourceDate "2011.11.24"]
[SourceVersion "1"]
[SourceVersionDate "2011.11.24"]
[SourceQuality "1"]

1. d4 f5 2. Nf3 Nf6 3. c4 g6 4. Nc3 Bg7 5. e3 d6 6. Be2 0-0 7. 0-0 Nc6 8. a3 a5 9. Rb1 h6 10. Qc2 e5 11. dxe5 dxe5 12. Rd1 Qe7 13. Nd5 Qf7 14. b3 Be6 15. Nxf6+ Qxf6 16. Bb2 Rad8 17. Rxd8 Rxd8 18. Rd1 Rxd1+ 19. Qxd1 Qe7 20. Qa1 Bd7 21. Bc3 1/2-1/2

[Event "Wch Seniors 20th"]
[Site "Arco"]
[Date "2010.11.01"]
[Round "6"]
[White "Thonig, Manfred"]
[Black "Galas, Franco"]
[Result "1/2-1/2"]
[WhiteElo "1607"]
[BlackElo "1794"]
[PlyCount "104"]
[EventDate "2010.10.26"]
[EventType "swiss"]
[EventRounds "11"]
[EventCountry "ITA"]
[SourceTitle "EXT 2011"]
[Source "ChessBase"]
[SourceDate "2010.11.26"]
[SourceVersion "1"]
[SourceVersionDate "2010.11.26"]
[SourceQuality "1"]

1. e4 d6 2. d4 e6 3. Nc3 g6 4. Nf3 Bg7 5. Bb5+ Bd7 6. Bd3 Ne7 7. Be3 a6 8. Qd2 0-0 9. 0-0 Nbc6 10. a3 f5 11. Bh6 fxe4 12. Bxe4 d5 13. Bd3 Nf5 14. Bxg7 Kxg7 15. Be2 Qf6 16. Rad1 Nh4 17. Nxh4 Qxh4 18. Qe3 Rf7 19. g3 Qe7 20. f4 Raf8 21. b4 Na7 22. Qe5+ Qf6 23. Bg4 Nb5 24. Qxf6+ Rxf6 25. Nxd5 R6f7 26. Ne3 Nxa3 27. c4 b5 28. c5 h5 29. Be2 Bc6 30. Ra1 Nc4 31. Nxc4 bxc4 32. Bxc4 Bb5 33. Bxb5 axb5 34. h4 Kf6 35. Kf2 Rd7 36. Ke3 Rfd8 37. Rad1 c6 38. Ke4 Ra7 39. Rf3 Ra4 40. Rb1 Rda8 41. Rfb3 Ra2 42. Re1 Rd8 43. Ree3 Rda8 44. Kf3 Ra1 45. Ke4 R8a2 46. Rf3 Ra6 47. Rfe3 R6a2 48. Kf3 Ra7 49. Rb2 R1a4 50. Ke4 Ra1 51. Kf3 R1a4 52. Ke4 Ra1 1/2-1/2

[Event "Arco op 32nd"]
[Site "Arco"]
[Date "2010.10.16"]
[Round "1"]
[White "De Andres Gonalons, Fernando"]
[Black "Galas, Franco"]
[Result "1-0"]
[WhiteElo "1917"]
[BlackElo "1794"]
[PlyCount "111"]
[EventDate "2010.10.16"]
[EventType "swiss"]
[EventRounds "9"]
[EventCountry "ITA"]
[SourceTitle "EXT 2024"]
[Source "ChessBase"]
[SourceDate "2023.10.10"]
[SourceVersion "1"]
[SourceVersionDate "2023.10.10"]
[SourceQuality "1"]

1. d4 f5 2. g3 Nf6 3. Bg2 g6 4. c4 Bg7 5. Nf3 d6 6. 0-0 0-0 7. Nc3 c6 8. Re1 Qc7 9. e4 Nxe4 10. Nxe4 fxe4 11. Rxe4 Bf5 12. Re3 Bg4 13. h3 Bxf3 14. Rxf3 Nd7 15. Rd3 Rf7 16. Be3 Raf8 17. Rc1 Nf6 18. Rc2 Nh5 19. b4 Qb8 20. d5 Rc8 21. dxc6 bxc6 22. b5 Nf6 23. bxc6 Kh8 24. Rb3 Qc7 25. Rb7 Qa5 26. Rxa7 Qf5 27. c7 Ne4 28. Qd3 Nxg3 29. Qxf5 Nxf5 30. Ra8 Rff8 31. Rxc8 Rxc8 32. Bb6 Bd4 33. c5 Bxc5 34. Rxc5 dxc5 35. Bb7 Nd6 36. Bxc8 Nxc8 37. Bxc5 Kg8 38. a4 Kf7 39. a5 Ke8 40. a6 Kd7 41. a7 Nxa7 42. Bxa7 Kxc7 43. Be3 Kd6 44. Kg2 Ke5 45. Kg3 Kf5 46. Kh4 e6 47. Bd2 e5 48. Bh6 Ke4 49. Kg4 Kd5 50. h4 Kd4 51. h5 Kd3 52. hxg6 hxg6 53. Be3 Ke4 54. Kg5 Kf3 55. Kxg6 Kg4 56. Kf6 1-0